Black Ops 4 Zombies Perks - Statistics

General Stats
  • This quiz has been taken 33 times
  • The average score is 9 of 18
Answer Stats
Answer % Correct
PhD Slider
74%
Stamin Up
74%
Mule Kick
70%
Quick Revive
65%
Bandolier Bandit
61%
Dying Wish
61%
Winter's Wail
61%
Deadshot Dealer
57%
Death Perception
48%
Secret Sauce
48%
Timeslip
48%
Blaze Phase
43%
Stone Cold Stronghold
43%
Zombshell
43%
Blood Wolf Bite
39%
Ethereal Razor
39%
Victorious Tortoise
39%
Electric Burst
26%
No matching quizzes found
Score Distribution
Percent of People with Each Score
Percentile by Number Answered
Your Score History
You have not taken this quiz